| 000 | 00687nam a22001937a 4500 | ||
|---|---|---|---|
| 999 |
_c7464 _d7464 |
||
| 003 | AR-CdUCM | ||
| 008 | 190320b ||||| |||| 00| 0 spa d | ||
| 020 | _a9972-840-26-3 | ||
| 040 |
_aMUNICIPALIDAD PROVINCIAL DEL CUSCO _cBIBLIOTECA MUNICIPAL DEL CUSCO |
||
| 082 |
_a634 / _bF65 |
||
| 100 |
_aFlores G., Percy _921051 |
||
| 245 |
_aInvernaderos : _bConstrucción y manejo / |
||
| 260 |
_aLima : _bRipalme, _c2006. |
||
| 300 |
_a135 páginas ; _bIlustraciones, _c21 cm. |
||
| 505 | _aControlando el buen tiempo -- Tipos de invernaderos y sus usos -- Requisitos y materiales -- Construcción de invernaderos ... | ||
| 650 |
_aInvernaderos _921052 |
||
| 942 |
_2ddc _cLIBROS |
||
| 945 | _aacv | ||